Регионална библиотека "Любен Каравелов" - Русе

A New Zealand adventure [CD аудио] (Запис номер 220022)

MARC детайли
000 -Лидер
Контролно поле с фиксирана дължина 01012njm a2200325 c 4500
003 - Код на организацията, давaща контролен номер
Контролно поле BLK
005 - Дата и час на последна редакция
Контролно поле 20191216162541.0
008 - Елементи от данни с фиксирана дължина
fixed length control field 180410b bul||n||s|||||||| n|bulo|
010 ## - Наследен системен номер
LC control number CDD00002465000
040 ## - Източник на каталожния запис
Идентификатор на билиотеката - собственик на записа BLK
041 ## - Код за език
Код за езика на текст/звукозапис или на отделно заглавие Английски
Код за езика КДБФ Английски
080 ## - УДК
Текстов определител УДК Английски език
УДК код - определител по УДК 811.111
УДК определител (075.4.086)
УДК - код + определител 811.111(075.4.086)
100 1# - Редна дума - Автор
Автор Thotburn, Jan
Авторска отговорност първи автор
R(LIN) 26225
139 ## - Редно поле
Редна дума Thotburn, Jan
Авторски знак Thor - T 48
245 10 - Сведения за заглавието
Заглавие A New Zealand adventure [CD аудио]
Редно поле (дума) Jan Thotburn.
257 ## - Страна на издаване
Страна на създаване/издаване Великобритания
260 ## - Област на издателските данни
-- Harlow
Име на издателя, разпространителя и проч. Pearson Education
Година на издаване 2006
300 ## - Физическа характеристика
Размери/Мащаб 12 cm
380 ## - Жанр
Жанр Езикознание. Филология
490 1# - СЕРИИ (Колекции)
Име на серия Penguin Readers
590 ## - Забележки на библиотеката, притежаваща документа (RLIN)
Служебно S.N: 75742 от КНИГИ
650 #4 - Допълнително описание по предмет – тема
Основно описание – тема или топоним Английски език - текстове, адаптирани
9 (RLIN) 241528
653 ## - Ключова дума – ненормативна
Ключова дума английски език
653 ## - Ключова дума – ненормативна
Ключова дума адаптирани книги
852 ## - Местоположение
Форматна сигнатура Цб CD 1259
Част 0
856 4# - Електронен адрес и достъп
Електронен формат pdf - файл
Път до файла /url/
856 4# - Електронен адрес и достъп
Електронен формат pdf - файл
Път до файла /url/
942 ## - АРТИКУЛИ
Вид на библиотечния материал Компактдискове
Скрит в OPAC Не
Koha issues (borrowed), all copies 1
944 ## - СЪЗДАВАНЕ И РЕДАКЦИЯ на ЗАПИСА
Създаване/Редакция Създаване
Дата на регистрацията/редакция 15.06.2007
Служител, извършил регистрацията/редакцията Теодора_Стоянова
944 ## - СЪЗДАВАНЕ И РЕДАКЦИЯ на ЗАПИСА
Създаване/Редакция Редакция
Дата на регистрацията/редакция 22.11.2007
Служител, извършил регистрацията/редакцията
999 ## - СИСТЕМНИ КОНТРОЛНИ НОМЕРА
Koha biblionumber 220022
Koha biblioitemnumber 220022
Наличности
Код за отписване Код за изгубен артикул Код за повреда Коз за рестрикции Код за отдаване Артикулен № Име на библиотеката - собственик Име на библиотеката, в която се намира в момента Статус (Текущо местоположение) Дата на вписване в системата Местоположение - отдел Цена в лева Инвентарен номер Систематично азбучна сигнатура Баркод Номер на екземпляра Цена в евро Служебна бележка Служебен тип на артикула
  Не е изгубен Не е повреден без рестрикции заемане за дома 391695 Регионална библиотека "Любен Каравелов" Русе Регионална библиотека "Любен Каравелов" Русе ЧЧЗО - англ. ез. - Британски съвет 2007-06-15 ЧЧЗО - англ. ез. - Британски съвет 5.00 250000002274 Ч3 802.0/T 48 250000002274 1 2.56 Дост: Pk Вид: Ф N: 162 Дата: 05.06.2007 Компактдискове
Vip Innovations Ltd, Rousse, Bulgaria 2025